书目信息 |
| 题名: |
世界自然奇观
|
|
| 作者: | 邢涛 , 纪江红 著 | |
| 分册: | 上卷 欧洲·大洋洲·非洲·南极洲 | |
| 出版信息: | 北京 北京出版社 2005 |
|
| 页数: | 111页 | |
| 开本: | 29cm | |
| 丛书名: | ||
| 单 册: | ||
| 中图分类: | P941-49 | |
| 科图分类: | ||
| 主题词: | 自然地理--世界--普及读物 | |
| 电子资源: | ||
| ISBN: | 7-200-05725-8 | |
| 000 | 01114nam0 2200313 450 | |
| 000 | 01077nam0 2200301 450 | |
| 000 | 01073nam0 2200313 450 | |
| 000 | 01019nam0 2200289 450 | |
| 000 | 01004nam0 2200277 450 | |
| 000 | 00967nam0 2200265 45 | |
| 001 | TS2006042142 | |
| 005 | 20070122155219.34 | |
| 010 | @a7-200-05725-8@b精装@dCNY68.80(全三册) | |
| 100 | @a20060829d2005 em y0chiy0110 ea | |
| 101 | 0 | @achi |
| 102 | @aCN@b110000 | |
| 105 | @aa z 000yy | |
| 200 | 1 | @a世界自然奇观@AShi Jie Zi Ran Qi Guan@h上卷@HShang Juan@i欧洲·大洋洲·非洲·南极洲@IOu Zhou· Da Yang Zhou· Fei Zhou· Nan Ji Zhou@f邢涛,纪江红著@FXing Tao, Ji Jiang Hong Zhu |
| 210 | @a北京@c北京出版社@d2005 | |
| 215 | @a111页@d29cm | |
| 510 | 1 | @aNatural Wonders of the World@h1@zeng |
| 606 | 0 | @a自然地理@y世界@x普及读物 |
| 690 | @aP941-49@v4 | |
| 701 | 0 | @a邢涛@AXing Tao@4著 |
| 701 | 0 | @a纪江红@AJi Jiang Hong@4著 |
| 801 | 0 | @aCN@b中图数据@c20070122 |
| 905 | @a10447@dP941-49@e104:1 | |
| 世界自然奇观.上卷.欧洲·大洋洲·非洲·南极洲/邢涛,纪江红著.-北京:北京出版社,2005 |
| 111页;29cm |
| ISBN 7-200-05725-8(精装):CNY68.80(全三册) |
| ● |
| 相关链接 |
|
|
|
|
正题名:世界自然奇观
索取号:P941-49/104:1
 
预约/预借
| 序号 | 登录号 | 条形码 | 馆藏地/架位号 | 状态 | 备注 |
| 1 | 0611837 | 206118379 | 第二样本阅览室/ [索取号:P941-49/104:1] | 在馆 | |
| 2 | 0611838 | 206118388 | 第三借阅区/ [索取号:P941-49/104:1] | 在馆 |